| 000 | 004470000a22001810004500 | ||
|---|---|---|---|
| 003 | MACL | ||
| 005 | 20151206160217.0 | ||
| 008 | 151206b xxu||||| |||| 00| 0 eng d | ||
| 040 |
_aMACL _cMACL |
||
| 041 | _aEnglish | ||
| 082 | _a741.642 | ||
| 100 |
_aJafa, Manorama _918838 |
||
| 245 | _aChetak And Pratap | ||
| 260 |
_aNew Delhi _bPublications Division _c1994 |
||
| 350 | _a18 | ||
| 650 |
_aChilldren's Book _918874 |
||
| 942 |
_cBK _k741.642 _2ddc |
||
| 999 |
_c2727 _d2727 |
||